| 000 | 00000nam 2200000zi 4500 |
| 001 | 9.928725 |
| 003 | CaOODSP |
| 005 | 20240212135933 |
| 006 | m o d f |
| 007 | cr cn||||||||| |
| 008 | 231013e201902##nkcd ob f000 0 eng d |
| 040 | |aCaOODSP|beng|erda|cCaOODSP |
| 043 | |an-cnm-- |
| 086 | 1 |aAC5-54/2019E-PDF |
| 110 | 2 |aAtlantic Canada Opportunities Agency.|eauthor, |eissuing body. |
| 245 | 10|aEvaluation of the Atlantic Canada Opportunities Agency's Communities and Inclusive Growth programming : |b2012-2013 to 2017-2018 / |cEvaluation, Risk and Advisory Services, Atlantic Canada Opportunities Agency. |
| 246 | 17|aCommunities and Inclusive Growth evaluation 2012-2018 |
| 264 | 1|a[Moncton, N.B.] : |bAtlantic Canada Opportunities Agency = Agence de promotion économique du Canada atlantique, |cFebruary 2019. |
| 300 | |a1 online resource (vii, 35 pages) : |bgraphs |
| 336 | |atext|btxt|2rdacontent |
| 337 | |acomputer|bc|2rdamedia |
| 338 | |aonline resource|bcr|2rdacarrier |
| 500 | |aCover title. |
| 500 | |aIssued also in French under title: Évaluation du programme Collectivités et croissance inclusive de l'Agence de promotion économique du Canada atlantique : de 2012-2013 à 2017-2018. |
| 504 | |aIncludes bibliographical references. |
| 520 | |a"The purpose of this evaluation is to assess the relevance and performance of the Atlantic Canada Opportunities Agency’s (ACOA) Communities and Inclusive Growth (CIG) programming over a six-year period, from 2012-2013 to 2017-2018"--Summary, page v. |
| 610 | 20|aAtlantic Canada Opportunities Agency|xEvaluation. |
| 650 | 0|aFederal aid to small business|zAtlantic Provinces|xEvaluation. |
| 650 | 0|aFederal aid to community development|zAtlantic provinces|xEvaluation. |
| 775 | 08|tÉvaluation du programme Collectivités et croissance inclusive de l'Agence de promotion économique du Canada atlantique : |w(CaOODSP)9.933771 |
| 856 | 40|qPDF|s1.29 MB|uhttps://publications.gc.ca/collections/collection_2024/apeca-acoa/AC5-54-2019-eng.pdf |
| 856 | 4 |qHTML|sN/A|uhttps://www.canada.ca/en/atlantic-canada-opportunities/corporate/transparency/acoa-cig-eval-2019.html |